000 00735nam a22001937a 4500
003 OSt
005 20260407052311.0
008 260407b |||||||| |||| 00| 0 eng d
020 _a9786218205147
040 _aOC
_cDWC-Main Lib
082 _22025 edition
_aFil. 346.7 D671b 2025
100 _aDomingo, A.
245 _aBusiness laws and regulations: law on business organizations:
_b revised corporation, partnership, cooperative law
_cDomingo, Andrix D.
250 _a2025 edition
260 _aItogon, Benguet:
_b Coaching For Results Publishing,
_cc2025.
300 _a883 pages;
_c 23 cm.
650 _a1. Commercial law.
942 _2ddc
_cBK-CIRC
_e2025 edition
_hFil. 346.7 D671b 2025
_kCirc.
_n0
999 _c9316
_d9316